| 000 | 00502nam a22002057a 4500 | ||
|---|---|---|---|
| 003 | UA-OsUOA | ||
| 001 | 37867 | ||
| 007 | ta | ||
| 008 | 20070525b un ||||| |||| 00| 0 ukr d | ||
| 090 | _a94(477).152(K) | ||
| 942 | _cBR | ||
| 040 |
_aUA-OsUOA _beng _cUA-OsUOA _dUA-OsUOA |
||
| 245 | _aUkrainian National Home Inc. | ||
| 955 | _a1 | ||
| 041 | _aeng | ||
| 080 | _a94(477).152(K) | ||
| 260 |
_aLorain _c1959 |
||
| 650 | 7 |
_a9 Географія. Біографії. Історія _2UDC |
|
| 999 |
_c436393 _d436393 |
||